000 00322 a2200133 4500
005 20250629150302.0
020 _a978-0-263-29464-4
082 _a813.6 MEI
100 _aMEIER, S
245 _aThe Single Dad's Italian Invitation
260 _aGreat Britain
_bMills & Boon
_c2922.
300 _a287p
_c20cm
942 _2ddc
_cBKS
999 _c6418
_d6418